[Event "Ruhrgebiet Verbandsliga Gruppe 2 1415"]
[Site "Germany"]
[Date "2015.01.18"]
[Round "5.8"]
[White "Boehmfeldt, Rolf"]
[Black "Hombrecher, Kai"]
[Result "1-0"]
[WhiteElo "1861"]
[BlackElo "1849"]
[PlyCount "151"]
[EventDate "2014.09.21"]
[EventType "team-tourn"]
[EventRounds "9"]
[EventCountry "GER"]
[SourceTitle "EXT 2022"]
[Source "ChessBase"]
[SourceDate "2021.10.06"]
[SourceVersion "1"]
[SourceVersionDate "2021.10.06"]
[SourceQuality "1"]
[WhiteTeam "Wattenscheid SV III"]
[BlackTeam "Oberhausen SV II"]
[WhiteTeamCountry "GER"]
[BlackTeamCountry "GER"]

1. Nf3 Nf6 2. b3 d5 3. Bb2 g6 4. e3 Bg7 5. d4 0-0 6. Be2 b6 7. 0-0 Ba6 8. c4 c6 9. Ne5 Qc7 10. Nd2 Nbd7 11. f4 Nxe5 12. dxe5 Ne4 13. Nxe4 dxe4 14. Qc2 f5 15. exf6 exf6 16. Qxe4 Rfe8 17. Qd3 Rad8 18. Qc3 Re7 19. Qc1 Rde8 20. Rf3 c5 21. Rg3 Bb7 22. Bf3 Bxf3 23. Rxf3 Re4 24. Qd2 Rd8 25. Qc2 Qe7 26. Kf2 f5 27. Bxg7 Qh4+ 28. Kg1 Kxg7 29. Rd1 Qe7 30. Qc3+ Kg8 31. Rxd8+ Qxd8 32. Rf1 Qe7 33. Re1 Qd6 34. Kf2 g5 35. g3 g4 36. Qc2 Qh6 37. Kg1 Qe6 38. Qd2 Kf7 39. Kf2 Qh6 40. Qd7+ Kg8 41. Kg1 Qf6 42. Re2 Re7 43. Qd8+ Kg7 44. Kf2 Qe6 45. Qd5 Qf6 46. Rd2 Qc3 47. Qd3 Qc1 48. Kg2 Rf7 49. Rc2 Qb1 50. e4 fxe4 51. Qxe4 Qd1 52. Re2 h6 53. h3 gxh3+ 54. Kxh3 Qf1+ 55. Kh4 Qd1 56. Qf3 Qd8+ 57. Kh3 Qd6 58. Qg4+ Kf8 59. Qe6 Rd7 60. Qf5+ Rf7 61. Qc8+ Kg7 62. Qg4+ Kf8 63. Qe6 Rd7 64. Qxd6+ Rxd6 65. Kh4 Kf7 66. Kh5 Rd3 67. Kg4 Rd6 68. Kh4 Rd1 69. g4 Rh1+ 70. Kg3 Rd1 71. Kf3 Rd3+ 72. Ke4 Rd4+ 73. Kf5 Rd6 74. Rh2 Re6 75. g5 hxg5 76. Rh7+ 1-0

[Event "Ruhrgebiet VK1 0910"]
[Site "Ruhrgebiet"]
[Date "2009.12.06"]
[Round "4.6"]
[White "Beckmann, Klaus1111"]
[Black "Hombrecher, Kai"]
[Result "1-0"]
[WhiteElo "1796"]
[BlackElo "1933"]
[PlyCount "31"]
[EventDate "2009.09.06"]
[EventType "team"]
[EventRounds "9"]
[EventCountry "GER"]
[SourceTitle "EXT 2011"]
[Source "ChessBase"]
[SourceDate "2010.11.26"]
[SourceVersion "1"]
[SourceVersionDate "2010.11.26"]
[SourceQuality "1"]
[WhiteTeam "Muelheim Nord III"]
[BlackTeam "Oberhausen III"]
[WhiteTeamCountry "GER"]
[BlackTeamCountry "GER"]

1. Nc3 d5 2. e4 c6 3. f4 e5 4. fxe5 Bb4 5. Qf3 Nh6 6. exd5 Bxc3 7. bxc3 0-0 8. d4 cxd5 9. Bd3 Ng4 10. Qg3 Kh8 11. Nf3 f6 12. h3 Nh6 13. Bxh6 gxh6 14. 0-0 Nc6 15. exf6 Rxf6 16. Ne5 1-0

[Event "Ruhrgebiet VK1 0910"]
[Site "Ruhrgebiet"]
[Date "2009.09.06"]
[Round "1.6"]
[White "Schwager, Georg"]
[Black "Hombrecher, Kai"]
[Result "1-0"]
[WhiteElo "1929"]
[BlackElo "1933"]
[PlyCount "69"]
[EventDate "2009.09.06"]
[EventType "team"]
[EventRounds "9"]
[EventCountry "GER"]
[SourceTitle "EXT 2011"]
[Source "ChessBase"]
[SourceDate "2010.11.26"]
[SourceVersion "1"]
[SourceVersionDate "2010.11.26"]
[SourceQuality "1"]
[WhiteTeam "Hattingen"]
[BlackTeam "Oberhausen III"]
[WhiteTeamCountry "GER"]
[BlackTeamCountry "GER"]

1. e4 c6 2. d4 d5 3. e5 Bf5 4. Bd3 Bxd3 5. Qxd3 e6 6. Nf3 Ne7 7. 0-0 Nf5 8. c4 Be7 9. Nc3 0-0 10. b3 Nd7 11. Bb2 Qc7 12. Rac1 dxc4 13. bxc4 g6 14. Ne4 Qb6 15. Qe2 Qa6 16. Rc3 c5 17. Ra3 Qc6 18. d5 exd5 19. cxd5 Qxd5 20. Rd1 Nd4 21. Nxd4 cxd4 22. Rxd4 Qxd4 23. Bxd4 Bxa3 24. Qe3 Bb4 25. Qh3 Rfd8 26. e6 Ne5 27. exf7+ Nxf7 28. Nf6+ Kf8 29. Nxh7+ Kg8 30. Nf6+ Kf8 31. Nh7+ Kg8 32. Nf6+ Kf8 33. Qg4 Bc3 34. Bxc3 Rac8 35. Nh7+ 1-0

[Event "Oberhausen op"]
[Site "Oberhausen"]
[Date "2007.04.06"]
[Round "2"]
[White "Hombrecher, Kai"]
[Black "Bruemmer, Frank"]
[Result "1/2-1/2"]
[WhiteElo "1968"]
[BlackElo "2271"]
[PlyCount "83"]
[EventDate "2007.04.05"]
[EventType "swiss"]
[EventRounds "7"]
[EventCountry "GER"]
[SourceTitle "CBM 117 Extra"]
[Source "ChessBase"]
[SourceDate "2007.05.09"]
[SourceVersion "1"]
[SourceVersionDate "2007.05.09"]
[SourceQuality "1"]

1. Nf3 d5 2. g3 Nf6 3. Bg2 c6 4. 0-0 Bg4 5. d4 Nbd7 6. Nbd2 e6 7. Re1 h6 8. e4 dxe4 9. Nxe4 Nxe4 10. Rxe4 Nf6 11. Re1 Be7 12. c3 0-0 13. Qb3 Qb6 14. Ne5 Bf5 15. Nc4 Qxb3 16. axb3 Rfd8 17. b4 Nd5 18. Na5 Rd7 19. Bd2 Bd3 20. Nb3 b6 21. Nc1 Bf5 22. Ne2 Rc8 23. Be3 g5 24. Nc1 Kg7 25. Nb3 h5 26. h3 h4 27. g4 Bg6 28. Nd2 Nxe3 29. fxe3 c5 30. bxc5 bxc5 31. Nc4 f6 32. Na5 Bd8 33. Bc6 Rd6 34. Bf3 Rd7 35. Bc6 Re7 36. Bf3 Bb6 37. Nc4 Bc7 38. Na5 Bg3 39. Red1 Rcc7 40. Nc6 Red7 41. Nb8 Re7 42. Nc6 1/2-1/2

[Event "Goch op 17th"]
[Site "Goch"]
[Date "2006.10.12"]
[Round "1"]
[White "Dirks, Rainer"]
[Black "Hombrecher, Kai"]
[Result "0-1"]
[WhiteElo "975"]
[BlackElo "1966"]
[PlyCount "28"]
[EventDate "2006.10.12"]
[EventType "swiss"]
[EventRounds "7"]
[EventCountry "GER"]
[SourceTitle "EXT 2008"]
[Source "ChessBase"]
[SourceDate "2007.11.25"]
[SourceVersion "1"]
[SourceVersionDate "2007.11.25"]
[SourceQuality "1"]

1. e4 c6 2. c3 d5 3. Bd3 e5 4. Nf3 Bd6 5. exd5 cxd5 6. 0-0 Nc6 7. Bb5 Nf6 8. Re1 e4 9. d3 0-0 10. dxe4 dxe4 11. Nd4 Bxh2+ 12. Kxh2 Ng4+ 13. Kg1 Qh4 14. g3 Qh2+ 0-1

[Event "Dortmund op-A"]
[Site "Dortmund"]
[Date "2005.07.17"]
[Round "9"]
[White "Reichelt, Manfred"]
[Black "Hombrecher, Kai"]
[Result "1-0"]
[WhiteElo "2087"]
[BlackElo "1911"]
[PlyCount "87"]
[EventDate "2005.07.08"]
[EventType "swiss"]
[EventRounds "9"]
[EventCountry "GER"]
[SourceTitle "CBM 107 Extra"]
[Source "ChessBase"]
[SourceDate "2005.09.01"]
[SourceVersion "1"]
[SourceVersionDate "2005.09.01"]
[SourceQuality "1"]

1. d4 Nf6 2. Nf3 e6 3. g3 b6 4. Bg2 Bb7 5. 0-0 Be7 6. c4 0-0 7. Nc3 d6 8. Qc2 Nbd7 9. e4 e5 10. Bg5 Re8 11. Rad1 h6 12. Bxf6 Bxf6 13. Rfe1 g6 14. dxe5 Nxe5 15. Nxe5 Bxe5 16. f4 Bg7 17. e5 Bxg2 18. Qxg2 Qc8 19. Qc6 dxe5 20. Nd5 Rb8 21. b3 Kh8 22. Qxc7 Qxc7 23. Nxc7 Red8 24. Rd5 Rxd5 25. cxd5 exf4 26. d6 Bf6 27. d7 Kh7 28. Re8 Rb7 29. Rc8 fxg3 30. hxg3 h5 31. Kg2 Bg5 32. Kf3 f5 33. Ne6 Be7 34. d8Q Bxd8 35. Rxd8 Re7 36. Rd6 Kh6 37. Kf4 Re8 38. Ke5 Rc8 39. Rd7 Rc3 40. Kf4 Rc1 41. Ke5 Re1+ 42. Kf6 Rc1 43. Rd8 Kh7 44. Ng5+ 1-0

[Event "Dortmund op-A"]
[Site "Dortmund"]
[Date "2005.07.14"]
[Round "6"]
[White "Hombrecher, Kai"]
[Black "Krueger, Michael"]
[Result "1/2-1/2"]
[WhiteElo "1911"]
[BlackElo "2129"]
[PlyCount "59"]
[EventDate "2005.07.08"]
[EventType "swiss"]
[EventRounds "9"]
[EventCountry "GER"]
[SourceTitle "CBM 107 Extra"]
[Source "ChessBase"]
[SourceDate "2005.09.01"]
[SourceVersion "1"]
[SourceVersionDate "2005.09.01"]
[SourceQuality "1"]

1. Nf3 d5 2. g3 c5 3. c4 d4 4. b4 cxb4 5. a3 bxa3 6. Bxa3 g6 7. d3 Bg7 8. Bg2 Nf6 9. 0-0 0-0 10. Nbd2 Re8 11. Rb1 Nc6 12. Ne1 e5 13. Nc2 Qc7 14. Nb4 Nxb4 15. Rxb4 Bf8 16. Rb3 Bxa3 17. Rxa3 Bd7 18. Qb3 Bc6 19. Bxc6 Qxc6 20. f3 Re7 21. Qb4 Qc7 22. Rfa1 b6 23. Ra6 Kg7 24. Rxb6 Qxb6 25. Qxb6 axb6 26. Rxa8 Rb7 27. Kf2 g5 28. Ra2 h5 29. Rb2 Rb8 30. c5 1/2-1/2

[Event "Dortmund op-A"]
[Site "Dortmund"]
[Date "2005.07.11"]
[Round "4"]
[White "Salamone, Giuseppe"]
[Black "Hombrecher, Kai"]
[Result "0-1"]
[WhiteElo "2052"]
[BlackElo "1911"]
[PlyCount "80"]
[EventDate "2005.07.08"]
[EventType "swiss"]
[EventRounds "9"]
[EventCountry "GER"]
[SourceTitle "CBM 107 Extra"]
[Source "ChessBase"]
[SourceDate "2005.09.01"]
[SourceVersion "1"]
[SourceVersionDate "2005.09.01"]
[SourceQuality "1"]

1. d4 Nf6 2. Nc3 d5 3. Bg5 Nbd7 4. Nf3 g6 5. e3 Bg7 6. Bd3 0-0 7. Qd2 c6 8. 0-0-0 Re8 9. Bxf6 Nxf6 10. Ne5 Nd7 11. Nxd7 Bxd7 12. h4 e5 13. Be2 exd4 14. exd4 b5 15. Bf3 Qa5 16. Kb1 b4 17. Ne2 Qd8 18. g4 Qf6 19. Qd3 Rac8 20. g5 Qd6 21. Ng3 c5 22. dxc5 Qe5 23. c3 bxc3 24. Rhe1 Qb8 25. Rxe8+ Bxe8 26. b3 c2+ 27. Kxc2 Rxc5+ 28. Kd2 Qb4+ 29. Ke3 Rc3 30. Bxd5 Rxd3+ 31. Rxd3 Bb5 32. Bc4 Bxc4 33. bxc4 Qxc4 34. Rd8+ Bf8 35. Ne4 Kg7 36. Nf6 Qe6+ 37. Kf3 Qc6+ 38. Ke2 Qa6+ 39. Kf3 Qb7+ 40. Ke2 Qe7+ 0-1

[Event "Duisburg Grossenbaum op"]
[Site "Duisburg"]
[Date "2004.05.31"]
[Round "7"]
[White "Limbourg, Philipp"]
[Black "Hombrecher, Kai"]
[Result "1/2-1/2"]
[WhiteElo "2204"]
[BlackElo "1921"]
[PlyCount "36"]
[EventDate "2004.05.28"]
[EventType "swiss"]
[EventRounds "7"]
[EventCountry "GER"]
[SourceTitle "EXT 2006"]
[Source "ChessBase"]
[SourceDate "2005.11.24"]
[SourceVersion "1"]
[SourceVersionDate "2005.11.24"]
[SourceQuality "1"]

1. e4 c6 2. d4 d5 3. f3 dxe4 4. fxe4 e5 5. Nf3 Bg4 6. Bc4 Nf6 7. Bxf7+ Kxf7 8. Nxe5+ Kg8 9. Nxg4 Nxe4 10. Nh6+ gxh6 11. Qg4+ Ng5 12. 0-0 Bg7 13. c3 Qd7 14. Rf5 Qe7 15. h4 Nf7 16. Nd2 Nd7 17. Ne4 Re8 18. Ng3 Nf6 1/2-1/2